MARC details
| 000 -LEADER |
| campo de control de longitud fija |
00994nam a22002897a 4500 |
| 001 - NÚMERO DE CONTROL |
| campo de control |
003304 |
| 003 - IDENTIFICADOR DE NÚMERO DE CONTROL |
| campo de control |
CoMeUDC003304 |
| 005 - FECHA Y HORA DE LA ÚLTIMA TRANSACCIÓN |
| campo de control |
20190123180532.0 |
| 008 - DATOS DE LONGITUD FIJA--INFORMACIÓN GENERAL |
| campo de control de longitud fija |
021106s1994 mx a r 00110 spa d |
| 020 ## - NÚMERO INTERNACIONAL ESTÁNDAR DEL LIBRO |
| Número Internacional Estándar del Libro |
9684229267 |
| 035 ## - NÚMERO DE CONTROL DEL SISTEMA |
| Número de control de sistema |
AHN1590 LA |
| 040 ## - FUENTE DE CATALOGACIÓN |
| Centro catalogador/agencia de origen |
la |
| Centro/agencia transcriptor |
CoMeUDC |
| 041 1# - CÓDIGO DE IDIOMA |
| Código de lengua del texto/banda sonora o título independiente |
spa |
| Código de lengua original |
eng |
| 082 04 - NÚMERO DE LA CLASIFICACIÓN DECIMAL DEWEY |
| Número de clasificación |
512.2 |
| Número de ítem |
L767t |
| Información de edición |
19 ed. |
| 100 1# - ENTRADA PRINCIPAL--NOMBRE DE PERSONA |
| Nombre de persona |
Lipschutz, Seymour. |
| 245 10 - MENCIÓN DEL TÍTULO |
| Título |
Teoría de conjuntos y temas afines / |
| Mención de responsabilidad, etc. |
Seymour Lipstchutz ; traducción y adaptación Jesús María Castaño ; con la colaboración de Emilio Robledo Moncada. |
| 260 ## - PUBLICACIÓN, DISTRIBUCIÓN, ETC. |
| Lugar de publicación, distribución, etc. |
México : |
| Nombre del editor, distribuidor, etc. |
McGraw-Hill, |
| Fecha de publicación, distribución, etc. |
1994. |
| 300 ## - DESCRIPCIÓN FÍSICA |
| Extensión |
233 p. : |
| Otras características físicas |
il. ; |
| Dimensiones |
28 cm. |
| 440 #0 - MENCIÓN DE SERIE/PUNTO DE ACCESO ADICIONAL--TÍTULO |
| Título |
Schaum |
| 500 ## - NOTA GENERAL |
| Nota general |
Incluye índice. |
| 534 ## - NOTA SOBRE LA VERSIÓN ORIGINAL |
| Frase introductoria |
Tt̕ulo original. : |
| Mención de título del original |
Schaum's outline of set theory and realted topics. |
| 650 #0 - PUNTO DE ACCESO ADICIONAL DE MATERIA--TÉRMINO DE MATERIA |
| Término de materia o nombre geográfico como elemento de entrada |
Teoría de conjuntos |
| Subdivisión de forma |
Problemas, ejercicios, etc. |
| 9 (RLIN) |
1331 |
| 700 ## - ENTRADA AGREGADA--NOMBRE PERSONAL |
| Nombre de persona |
Castaño, Jesús María, |
| Término indicativo de función/relación |
tr. |
| 9 (RLIN) |
1332 |
| 700 1# - ENTRADA AGREGADA--NOMBRE PERSONAL |
| Nombre de persona |
Robledo Moncada, Emilio, |
| Término indicativo de función/relación |
tr. |
| 942 ## - ELEMENTOS DE ENTRADA SECUNDARIOS (KOHA) |
| Fuente del sistema de clasificación o colocación |
Clasificación Decimal Dewey |
| Tipo de ítem Koha |
Libros |
| 949 ## - PROCESAMIENTO DE INFORMACIÓN LOCAL (OCLC) |
| a |
n |
| b |
n |